Stretnutie s Rudolfom Čižmárikom bibliografický leták

Bibliographic Details
Main Author: Mikitová, Marta, 1944- (Compiler)
Format: Book
Language:Slovak
PhysicalDescription:/5/ s. 21x10,5 cm
Published: Levice Tekovská knižnica 1998
Subjects:

MARC

LEADER 00000nam a2200000 a 4500
001 vtls001371039
003 SK-MaSNL
005 20260331204447.0
008 160322sm y0 xo rb b 0 slo
015 |a SNBSAB1998-00161 
035 |a SNK000324835 
040 |a SNK  |b slo  |c SNK  |e AACR2 
041 0 |a slo 
044 |a xo  |c SK 
080 |a 82:929:885.4:012  |2 1981 
080 |a 885.4  |2 1981 
080 |a 012  |2 1981 
080 |a 929 Čižmárik, Rudolf  |2 1981 
100 1 |a Mikitová, Marta,  |d 1944-  |4 zos  |9 161745 
245 1 |a Stretnutie s Rudolfom Čižmárikom  |b bibliografický leták  |c [zostavila: Marta Mikitová] 
260 |a Levice  |b Tekovská knižnica  |c 1998 
300 |a /5/ s.  |c 21x10,5 cm 
500 |a Údaj o zost. je prevzatý z tiráže 
504 |a Lit. 73 zázn. o kn. a prekl. 
600 1 |a Čižmárik, Rudolf,  |d 1949-2008  |2 SNK  |9 85590 
655 7 |a neperiodické bibliografie  |2 SNK  |9 60408 
958 |a RM 
958 |a SF 
958 |a BX 
999 |c 1074496  |d 1076426 
952 |t P60, <03>, [BOOK], {603}  |a SNK  |b SNK  |y PREZ  |7 0  |o snkOSC 20362  |i snkKSP 8712/99  |0 0  |1 0  |4 0  |d 1999-08-27  |l 0  |r 2005-01-02 00:00:00  |w 2026-02-24 
952 |t P60, <04>, [BOOK], {604}  |a SNK  |b SNK  |y VYP  |7 0  |o snkOSC 20362 D1  |i snkKSP 8713/99  |0 0  |1 0  |4 0  |d 1999-08-27  |l 0  |r 2005-01-02 00:00:00  |w 2026-02-24